Tourism management (Record no. 19786)

MARC details
000 -LEADER
fixed length control field 00439nam a2200169Ia 4500
008 - FIXED-LENGTH DATA ELEMENTS--GENERAL INFORMATION
fixed length control field 230917s9999||||xx |||||||||||||| ||und||
020 ## - ISBN
Price RS595
040 ## - CATALOGING SOURCE
-- 235739
Original cataloging agency VIVEKANANDA LIBRARY
041 ## - Language
-- English
082 ## - DDC NUMBER
Classification number 338.4791 D643T
100 ## - MAIN ENTRY--PERSONAL NAME
Personal name Dixit, sourabh
245 #0 - TITLE STATEMENT
Title Tourism management
260 ## - PUBLICATION, DISTRIBUTION, ETC. (IMPRINT)
Place of publication, distribution, etc New Delhi
Name of publisher, distributor, etc Aph Publishing
Date of publication, distribution, etc 2012
300 ## - PHYSICAL DESCRIPTION
Pages xv, 195 p.
500 ## - GENERAL NOTE
General note 2455 22/11/2016 PBA16/990 29/11/2016 Main Budget
942 ## - ADDED ENTRY ELEMENTS (KOHA)
Koha item type Books
Holdings
Withdrawn status Lost status Damaged status Not for loan Location (home branch) Sublocation or collection (holding branch) Shelving location Date acquired Koha issues (times borrowed) Koha full call number Accession No. Koha date last seen Koha item type
        VIVEKANANDA LIBRARY VIVEKANANDA LIBRARY IHTM Library 29/12/2016   338.4791 D643T 354516 17/09/2023 Books
        VIVEKANANDA LIBRARY VIVEKANANDA LIBRARY IHTM Library 29/12/2016   338.4791 D643T 354517 17/09/2023 Books
        VIVEKANANDA LIBRARY VIVEKANANDA LIBRARY IHTM Library 29/12/2016   338.4791 D643T 354518 17/09/2023 Books
        VIVEKANANDA LIBRARY VIVEKANANDA LIBRARY IHTM Library 29/12/2016   338.4791 D643T 354519 17/09/2023 Books
        VIVEKANANDA LIBRARY VIVEKANANDA LIBRARY IHTM Library 29/12/2016   338.4791 D643T 354520 17/09/2023 Books
© Designed and Maintained by Vivekananda Library, MDU Rohtak